000 00322nam a2200121Ia 4500
008 191129s9999 xx 000 0 und d
020 _a9780062279026
100 _aGray, Claudia
245 _cClaudia Gray
_aA Million worlds with you/
260 _aNY:
_bHarperteen
_c2016
300 _a419 p. ;
_c22 cm.
650 _aFiction
999 _c362767
_d362767